Property Week supplement (Record no. 77351)

MARC details
000 -LEADER
fixed length control field 01226cab a2200253 4500
001 - CONTROL NUMBER
control field ##L134068
008 - FIXED-LENGTH DATA ELEMENTS--GENERAL INFORMATION
fixed length control field 060706n2006 000 0 eng u
035 ## - SYSTEM CONTROL NUMBER
System control number (Sirsi) u134068
041 0# - LANGUAGE CODE
Language code of text/sound track or separate title eng
100 1# - MAIN ENTRY--PERSONAL NAME
Personal name Blackman, David
245 00 - TITLE STATEMENT
Title Property Week supplement
Remainder of title regeneration
260 ## - PUBLICATION, DISTRIBUTION, ETC.
Date of publication, distribution, etc. 2006
490 #0 - SERIES STATEMENT
Series statement Property Week
Volume/sequential designation 71(26) 30 June 2006, (16) (LOAN)
520 ## - SUMMARY, ETC.
Summary, etc. Speculates on the result of a likely merger between English Partnerships and the Housing Corporation. Reports on accusations of corporate greenwash resulting from Asda's latest corporate social responsibility initiative; an industrial crime-preventing business improvement district in the west Midlands; and designing a new town on the site of Oakington Barracks in Cambridgeshire. Looks at how developers can benefit from the public consultation process, and how the British Urban Regeneration Association is learning from Barcelona's successful Olympic Games venue.
590 ## - LOCAL NOTE (RLIN)
Local note IKA180706
651 #4 - SUBJECT ADDED ENTRY--GEOGRAPHIC NAME
Geographic name WEST MIDLANDS
651 #4 - SUBJECT ADDED ENTRY--GEOGRAPHIC NAME
Geographic name CAMBRIDGESHIRE
651 #4 - SUBJECT ADDED ENTRY--GEOGRAPHIC NAME
Geographic name EAST LONDON
690 ## - LOCAL SUBJECT ADDED ENTRY--TOPICAL TERM (OCLC, RLIN)
Topical term or geographic name as entry element PROPERTY-PROPERTY MANAGEMENT-REGENERATION
700 1# - ADDED ENTRY--PERSONAL NAME
Personal name Greig-Smith, Heather
700 1# - ADDED ENTRY--PERSONAL NAME
Personal name Morrison, Doug
700 1# - ADDED ENTRY--PERSONAL NAME
Personal name Mallett, Lee
942 ## - ADDED ENTRY ELEMENTS (KOHA)
Suppress in OPAC 0
Holdings
Withdrawn status Lost status Source of classification or shelving scheme Damaged status Not for loan Home library Current library Shelving location Date acquired Total Checkouts Full call number Barcode Date last seen Copy number Price effective from Koha item type
    Dewey Decimal Classification     London London Journal article 06/07/2006   L134068 30064735 06/08/2019 1 06/08/2019 Journal article